Istilah sains untuk sekolah-sekolah Malaysia : (Record no. 59910)

MARC details
000 -LEADER
fixed length control field 00749nam a2200229 i 4500
001 - CONTROL NUMBER
control field C2-0245917
003 - CONTROL NUMBER IDENTIFIER
control field PPAK
005 - DATE AND TIME OF LATEST TRANSACTION
control field 20180727210800.0
008 - FIXED-LENGTH DATA ELEMENTS--GENERAL INFORMATION
fixed length control field 030319s2003 my |||| ||||| | may d
020 ## - INTERNATIONAL STANDARD BOOK NUMBER
International Standard Book Number 9836276564
040 ## - CATALOGING SOURCE
Original cataloging agency PPAK
Language of cataloging eng
Transcribing agency PPAK
Description conventions rda
082 04 - DEWEY DECIMAL CLASSIFICATION NUMBER
Classification number 372.5043
Edition number 23
090 00 - LOCALLY ASSIGNED LC-TYPE CALL NUMBER (OCLC); LOCAL CALL NUMBER (RLIN)
Classification number (OCLC) (R) ; Classification number, CALL (RLIN) (NR) 372.5043
Feature heading IST
Feature heading R
245 00 - TITLE STATEMENT
Title Istilah sains untuk sekolah-sekolah Malaysia :
Remainder of title bahasa Inggeris - bahasa Melayu, bahasa Melayu - bahasa Inggeris
264 #1 - PRODUCTION, PUBLICATION, DISTRIBUTION, MANUFACTURE, AND COPYRIGHT NOTICE
Place of production, publication, distribution, manufacture Kuala Lumpur :
Name of producer, publisher, distributor, manufacturer Dewan Bahasa dan Pustaka ,
Date of production, publication, distribution, manufacture, or copyright notice 2003
300 ## - PHYSICAL DESCRIPTION
Extent xx, 490 pages ;
Dimensions 22 cm
336 ## - CONTENT TYPE
Source rdacontent
Content type term text
337 ## - MEDIA TYPE
Source rdamedia
Media type term unmediated
338 ## - CARRIER TYPE
Source rdacarrier
Carrier type term volume
650 10 - SUBJECT ADDED ENTRY--TOPICAL TERM
Topical term or geographic name entry element Science - Dictionaries - Malay ; Science - Dictionaries - English
942 ## - ADDED ENTRY ELEMENTS (KOHA)
-- dc
Koha item type Book
Holdings
Withdrawn Not for loan Current library Shelving location Date acquired Full call number Barcode Date last seen Koha item type Total Checkouts
  Not For Loan Perpustakaan Alor Setar Rujukan Dewasa 26/02/2007 R 372.5043 IST A01145764 08/05/2018 Book  
  Not For Loan Perpustakaan Awam Sungai Petani Rujukan Dewasa 26/02/2007 R 372.5043 IST A01145765 08/05/2018 Book  
  Not For Loan Perpustakaan Baling Rujukan Dewasa 01/04/2003 R 372.5043 IST A01043793 08/05/2018 Book  
  Not For Loan Perpustakaan Bandar Baharu Rujukan Dewasa 26/02/2007 R 372.5043 IST A01145772 08/05/2018 Book  
  Not For Loan Perpustakaan Jitra Rujukan Dewasa 26/02/2007 R 372.5043 IST A01145766 08/05/2018 Book  
  Not For Loan Perpustakaan Kuala Nerang Rujukan Dewasa 26/02/2007 R 372.5043 IST A01145773 08/05/2018 Book  
  Not For Loan Perpustakaan Kulim Rujukan Dewasa 26/02/2007 R 372.5043 IST A01145768 08/05/2018 Book  
  Not For Loan Perpustakaan Langkawi Rujukan Dewasa 26/02/2007 R 372.5043 IST A01145767 08/05/2018 Book  
  Not For Loan Perpustakaan Merbok Rujukan Dewasa 26/02/2007 R 372.5043 IST A01145774 08/05/2018 Book  
  Not For Loan Perpustakaan Merbok Rujukan Dewasa 21/05/2009 R 372.5043 IST A01297567 08/05/2018 Book  
  Not For Loan Perpustakaan Merbok Rujukan Dewasa 21/05/2009 R 372.5043 IST A01297568 08/05/2018 Book  
  Not For Loan Perpustakaan Sik Rujukan Dewasa 26/02/2007 R 372.5043 IST A01145770 08/05/2018 Book  
  Not For Loan Perpustakaan Yan Rujukan Dewasa 26/02/2007 R 372.5043 IST A01145769 08/05/2018 Book  
  Not For Loan Perpustakaan Yan Rujukan Dewasa 26/02/2007 R 372.5043 IST A01145771 08/05/2018 Book